00456pam a2200181 a 4500001000800000005001700008008004100025010001700066020002500083040001800108041000800126080001600134082002000150100000700170101000800177245005900185504003000244376973220180214065625.0831114s1984 njuac b 001 0 eng  a 83024560  a0137326521 :c$26.95 aDLCcDLCdDLC aeng a150.287 GRA00a150.287 GRA2191 a49 aPSI10aPsychological testing /cJohn R. Graham, Roy S. Lilly. aBibliography: p. 382-417.